WASTE HEAT RECOVERY via THERMOELECTRIC GENERATOR / (Record no. 535945)

000 -LEADER
fixed length control field 00681nam a22001817a 4500
020 ## - INTERNATIONAL STANDARD BOOK NUMBER
Qualifying information Hard Cover.
082 ## - DEWEY DECIMAL CLASSIFICATION NUMBER
Classification number 621.3
100 ## - MAIN ENTRY--PERSONAL NAME
Personal name Abrar, Ahmed Shami ; Uzair Bin Farooq ; Hammad Ur Rehman
245 ## - TITLE STATEMENT
Title WASTE HEAT RECOVERY via THERMOELECTRIC GENERATOR /
Statement of responsibility, etc. Ahmed Abrar Shami ; Uzair Bin Farooq ; Hammad Ur Rehman
260 ## - PUBLICATION, DISTRIBUTION, ETC.
Place of publication, distribution, etc. Islamabad :
Name of publisher, distributor, etc. SEECS - NUST,
Date of publication, distribution, etc. 2018.
300 ## - PHYSICAL DESCRIPTION
Extent 54 p. : ill. ;
Dimensions 30cm.
563 ## - BINDING INFORMATION
Binding note HB
650 ## - SUBJECT ADDED ENTRY--TOPICAL TERM
Topical term or geographic name entry element Electrical (Electronics) Engineering-Project Report.
700 ## - ADDED ENTRY--PERSONAL NAME
Personal name Dr. Salam Abdl Ghafoor.
856 ## - Uniform Resource Identifier
Uniform Resource Identifier <a href="http://10.250.8.41:8080/xmlui/handle/123456789/20703">http://10.250.8.41:8080/xmlui/handle/123456789/20703</a>
942 ## - ADDED ENTRY ELEMENTS (KOHA)
Source of classification or shelving scheme
Koha item type Project Report
700 ## - ADDED ENTRY--PERSONAL NAME
-- 30896
Holdings
Withdrawn status Lost status Source of classification or shelving scheme Damaged status Not for loan Permanent Location Current Location Shelving location Date acquired Full call number Barcode Date last seen Price effective from Koha item type
WITHDRAWN         Central Library (CL) Central Library (CL) Thesis 09/29/2020 621.3 CL-BP-193 09/29/2020 09/29/2020 Project Report
© 2023 Central Library, National University of Sciences and Technology. All Rights Reserved.